000 00778nam a2200253 i 4500
001 bg
100 1 _aSHAW, Bryce R.
245 0 _aPersonalized computational skills program :
_bmodule E : special skills with applications /
_cBryce R. Shaw, Gwen Sheiton, Sandra Pryor Clarkson.
260 _aBoston, MA :
_bHoughton Company,
_c1981.
300 _a321-352, 193-352 s. :
_bwykr.,rys. ;
_c28 cm.
521 _aTesty i ćwiczenia do matematyki.
650 9 _aMatematyka
650 9 _aStatystyka
655 4 _aSprawdziany i testy
700 1 _aSHELTON, Gwen.
700 1 _aCLARKSON, Sandra Pryor.
020 _a0395299985
040 _cBPK
041 _aen
080 _a51:311
920 _a0-395-29998-5
942 _cKS
008 s pl f |000 0 pol
999 _c35345
_d35345
856 _uhttp://koha.tu.koszalin.pl/cgi-bin/koha/opac-detail.pl?biblionumber=35345
_yKatalog online BPK